Semínko zlatodolské /

Main Author: Thon, Jan, 1886-1973
Other Authors: Kočí, Josef, 1880-1961
Language: Czech
Published: V Praze : [Hollar], 1941
Series: Příloha grafického sborníku Hollar
Physical Description: 13 stran : ilustrace ; 28 cm
Book
Saved in:
LEADER 01303nam a2200373 i 4500
001 001932420
003 CZ BrMZK
005 20250905063250.0
007 ta
008 250414s1941 xr a g 000 j cze
015 |a cnb002465224 
020 |q (Brožováno) 
040 |a BOA001  |b cze  |e rda 
072 7 |a 821.162.3-3  |x Česká próza  |2 Konspekt  |9 25 
080 |a 821.162.3-32  |2 MRF 
080 |a (0:82-32)  |2 MRF 
100 1 |a Thon, Jan,  |d 1886-1973  |7 jk01132354  |4 aut 
245 1 0 |a Semínko zlatodolské /  |c Jan Thon ; litografie Josefa Kočího 
246 1 4 |a Semínko svatodolské 
264 1 |a V Praze :  |b [Hollar],  |c 1941 
264 3 |a V Praze :  |b Průmyslová tiskárna 
300 |a 13 stran :  |b ilustrace ;  |c 28 cm 
336 |a text  |b txt  |2 rdacontent 
337 |a bez média  |b n  |2 rdamedia 
338 |a svazek  |b nc  |2 rdacarrier 
490 1 |a Příloha grafického sborníku Hollar ;  |v ročník XVII, číslo IV, příloha 4 
655 7 |a české příběhy  |7 fd133973  |2 czenas 
655 9 |a Czech stories  |2 eczenas 
700 1 |a Kočí, Josef,  |d 1880-1961  |7 jk01061011  |4 ill 
830 0 |a Příloha grafického sborníku Hollar 
910 |a BOA001  |b 3-1548.624 
990 |a BK 
991 |b 202509 
996 6 |b 2611011486  |c 3-1548.624  |l MZK  |r Sklad / do 1 hodiny  |n 0  |p dar  |w 002016889  |u 000010  |a 1  |e BOA001  |j MZK50  |s P